00776nam a2200205 a 4500008004100000020001500041050001800056100001800074245009000092246003500182260008900217300002200306350000900328490007700337650000900414650004200423650006000465650003000525700001500555070316s1988 ||||||||||||||||| || u a0704908492 aCBU.EXT(02)88 aKasanga R . K10aInternal migration and urbanisation in developing countriescR.K.Kasanga and M.R.Avis aFindings from a study of Ghana aKumasi,GhanabUniversity Reading department of land management and developmentc1988 aVII;108P.;ill;app a0.00 aresearch papers in land management and development, environmnetal policy aLAND aLAND MANAGEMENT--DEVELOPING COUNTRIES aMigration,Internal and Exeternal - Developing countries aMIGRATION AND ITS EFFECTS aAvis M . R